<?xml version="1.0" encoding="UTF-8"?>
<record
    xmlns:xsi="http://www.w3.org/2001/XMLSchema-instance"
    xsi:schemaLocation="http://www.loc.gov/MARC21/slim http://www.loc.gov/standards/marcxml/schema/MARC21slim.xsd"
    xmlns="http://www.loc.gov/MARC21/slim">

  <leader>00383    a2200121   4500</leader>
  <controlfield tag="001">ART_12554</controlfield>
  <controlfield tag="005">20260410161907.0</controlfield>
  <controlfield tag="008">260409a                                 </controlfield>
  <datafield tag="245" ind1="1" ind2="0">
    <subfield code="a">Substitution of Labour for Capital in the Foreign Sector</subfield>
  </datafield>
  <datafield tag="100" ind1="1" ind2=" ">
    <subfield code="a">Solomon, Ribert F.</subfield>
  </datafield>
  <datafield tag="700" ind1="1" ind2=" ">
    <subfield code="a">Forsyth, David J. C.</subfield>
  </datafield>
  <datafield tag="773" ind1="0" ind2=" ">
    <subfield code="t">The Economic Journal</subfield>
    <subfield code="g">- Vol. 87, N&#xBA; 346 (jun. 1977)</subfield>
    <subfield code="w">REV12512</subfield>
  </datafield>
  <datafield tag="999" ind1=" " ind2=" ">
    <subfield code="c">26449</subfield>
    <subfield code="d">26449</subfield>
  </datafield>
</record>
